000 00409pab a2200145 454500
008 180718b1985 xxu||||| |||| 00| 0 eng d
100 _aBoyce, James K.
245 _aAgricultural growth in Bangladesh 1949-50 to 1980-81
_bA review of the evidence
260 _c1985
300 _aA-31-43
362 _a30 Mar.
650 _aAgriculture - Bangladesh
773 _aEconomic and Political Weekly
909 _a3651
999 _c3651
_d3651